Μεγαλύτερες Πόλεις της Ελλάδας από Π - Statistics

General Stats
  • This quiz has been taken 33 times
  • The average score is 7 of 18
Answer Stats
# Πληθυσμός Πόλη % Correct
1 170.934 Πάτρα
100%
10 25.151 Πύργος
75%
2 168.151 Πειραιάς
71%
3 133.630 Περιστέρι
64%
11 19.309 Πρέβεζα
57%
5 60.146 Πετρούπολη
39%
8 31.537 Πτολεμαΐδα
39%
4 64.863 Παλαιό Φάληρο
25%
7 36.843 Πυλαία
25%
13 17.371 Παλλήνη
25%
14 17.353 Πεύκη
25%
16 15.156 Παιανία
25%
17 13.962 Παπάγου
25%
9 25.628 Πέραμα
18%
12 17.679 Πανόραμα
18%
6 39.332 Πολίχνη
14%
15 16.910 Περαία
14%
18 10.526 Πόρτο Ράφτη
7%
No matching quizzes found
Score Distribution
Percent of People with Each Score
Percentile by Number Answered
Your Score History
You have not taken this quiz